| 000 | 00796nam a22001817a 4500 | ||
|---|---|---|---|
| 999 |
_c14921 _d14921 |
||
| 003 | OSt | ||
| 082 | _2631.3 ASW/ER | ||
| 088 | _a359 | ||
| 100 |
_aASWATHI K _93719 |
||
| 245 | _aErgonomic investigations on hand arm vibration of brush cutter for the development of a vibration reducing aid | ||
| 260 |
_aTavanur 2016 _bKelappaji College of Agricultural Engineering and Technology |
||
| 300 | _a103 | ||
| 500 | _aErgonomic investigations on hand arm vibration of brush cutter for the development of a vibration reducing aid | ||
| 520 | _aErgonomic investigations on hand arm vibration of brush cutter for the development of a vibration reducing aid | ||
| 700 |
_aDr. Sureshkumar P.K (Guide) _93748 |
||
| 856 | _uhttps://drive.google.com/open?id=1zTizBP7r0u1LQiTlPXjYOibUiupd3EKq | ||
| 942 | _cTH | ||